[Event "Catalunya-chT GpB final"]
[Site "Barcelona"]
[Date "2015.04.18"]
[Round "11.1"]
[White "Gallardo Bernal, Enric"]
[Black "Jover Font, Pau"]
[Result "0-1"]
[WhiteElo "1859"]
[BlackElo "2002"]
[PlyCount "109"]
[EventDate "2015.03.14"]
[EventType "team-tourn"]
[EventRounds "11"]
[EventCountry "ESP"]
[SourceTitle "EXT 2016"]
[Source "ChessBase"]
[SourceDate "2015.10.08"]
[SourceVersion "1"]
[SourceVersionDate "2015.10.08"]
[SourceQuality "1"]
[WhiteTeam "Mollet"]
[BlackTeam "Peona I Peo"]
[WhiteTeamCountry "ESP"]
[BlackTeamCountry "ESP"]

1. e4 e5 2. Nf3 Nc6 3. Bb5 a6 4. Bxc6 dxc6 5. 0-0 Bg4 6. h3 Bh5 7. g4 Bg6 8. Nxe5 Qh4 9. Qf3 Bd6 10. d4 Bxe5 11. dxe5 h5 12. Nc3 hxg4 13. Qxg4 Qxh3 14. Qxh3 Rxh3 15. Bg5 Rh5 16. Bf4 Bxe4 17. Nxe4 Rh4 18. Nd6+ cxd6 19. Bg3 Rc4 20. exd6 Rxc2 21. Rfe1+ Kd7 22. Re4 Re8 23. Rb4 b5 24. a4 Rc4 25. Rxc4 bxc4 26. Rc1 Re2 27. Rxc4 Rxb2 28. Rc5 Nf6 29. Ra5 Rb6 30. f3 Nd5 31. Bf2 Rb3 32. Kg2 Nb4 33. Bc5 Nd3 34. Bd4 Nf4+ 35. Kf2 Ne6 36. Be3 Rb2+ 37. Kg3 Kxd6 38. Rxa6 f5 39. a5 g5 40. Bb6 Rb3 41. Kf2 Nc5 42. Ra8 Nd3+ 43. Kg2 Ne1+ 44. Kf2 Nxf3 45. Bd8 g4 46. a6 f4 47. a7 g3+ 48. Kf1 Nd2+ 49. Kg1 f3 50. Bc7+ Kxc7 51. Rc8+ Kd7 52. Rd8+ Ke6 53. Re8+ Kd5 54. Rd8+ Kc5 55. a8Q 0-1

[Event "Roncana op-A 8th"]
[Site "Santa Eulalia de Roncana"]
[Date "2014.11.08"]
[Round "4"]
[White "Lafuente Calvillo, Andrea"]
[Black "Gallardo Bernal, Enric"]
[Result "1-0"]
[WhiteElo "2013"]
[BlackElo "2072"]
[PlyCount "43"]
[EventDate "2014.10.11"]
[EventType "swiss"]
[EventRounds "8"]
[EventCountry "ESP"]
[SourceTitle "CBM 163 Extra"]
[Source "ChessBase"]
[SourceDate "2014.12.23"]
[SourceVersion "1"]
[SourceVersionDate "2014.12.23"]
[SourceQuality "1"]

1. e4 c5 2. Nf3 Nc6 3. d4 cxd4 4. Nxd4 g6 5. Nc3 Bg7 6. Be3 Nf6 7. Bc4 Qa5 8. 0-0 0-0 9. Bb3 d6 10. h3 Bd7 11. f4 Nxd4 12. Bxd4 Bc6 13. Qd3 Rad8 14. f5 Nd7 15. fxg6 Bxd4+ 16. Qxd4 hxg6 17. Kh1 Qc5 18. Qd2 Nf6 19. Rf4 d5 20. Rh4 dxe4 21. Qh6 Nh5 22. Qxg6+ 1-0

[Event "Roncana op-A 8th"]
[Site "Santa Eulalia de Roncana"]
[Date "2014.10.18"]
[Round "2"]
[White "Canal Oliveras, Joan"]
[Black "Gallardo Bernal, Enric"]
[Result "1-0"]
[WhiteElo "2333"]
[BlackElo "2072"]
[PlyCount "111"]
[EventDate "2014.10.11"]
[EventType "swiss"]
[EventRounds "8"]
[EventCountry "ESP"]
[SourceTitle "CBM 163 Extra"]
[Source "ChessBase"]
[SourceDate "2014.12.23"]
[SourceVersion "1"]
[SourceVersionDate "2014.12.23"]
[SourceQuality "1"]

1. d4 Nf6 2. Bg5 e6 3. Nd2 d5 4. e3 c5 5. Ngf3 h6 6. Bh4 Nc6 7. c3 cxd4 8. exd4 Be7 9. Bd3 g5 10. Bg3 Nh5 11. Ne5 Nxg3 12. hxg3 Nxe5 13. dxe5 Qb6 14. Nb3 Bd7 15. Qe2 0-0-0 16. 0-0-0 Ba4 17. Bc2 Kb8 18. Nd4 Bxc2 19. Qxc2 f5 20. f3 Rc8 21. g4 fxg4 22. fxg4 Bc5 23. Kb1 Bb4 24. Qb3 Rc4 25. a3 Bc5 26. Qxb6 Bxb6 27. Rhf1 Bxd4 28. Rxd4 Rc6 29. Rf6 Kc8 30. Rd3 h5 31. Rh3 h4 32. Rg6 Rf8 33. Rxg5 Rf1+ 34. Ka2 Rf2 35. Rg8+ Kc7 36. Rg7+ Kb6 37. Rxh4 Rxc3 38. Rhh7 Re3 39. Rxb7+ Kc5 40. Rh3 Rxe5 41. Rg3 d4 42. g5 Re3 43. Rb3 Rxg3 44. Rxg3 e5 45. g6 Rf8 46. g7 Rg8 47. Kb3 e4 48. Kc2 Kd5 49. Rg6 Ke5 50. g4 Kf4 51. Kd2 Kf3 52. b4 e3+ 53. Kd3 Kf2 54. Rf6+ Ke1 55. Rf7 Re8 56. Rf8 1-0

[Event "Mollet del Valles op U2300 3rd"]
[Site "Mollet del Valles"]
[Date "2012.12.09"]
[Round "8"]
[White "Gallardo Bernal, Enric"]
[Black "Cervello Tost, Roger"]
[Result "0-1"]
[WhiteElo "2035"]
[BlackElo "1889"]
[PlyCount "70"]
[EventDate "2012.12.02"]
[EventType "swiss"]
[EventRounds "8"]
[EventCountry "ESP"]
[SourceTitle "EXT 2014"]
[Source "ChessBase"]
[SourceDate "2013.11.20"]
[SourceVersion "1"]
[SourceVersionDate "2013.11.20"]
[SourceQuality "1"]

1. e4 e5 2. Nf3 Nc6 3. Bb5 Nf6 4. 0-0 a6 5. Bxc6 dxc6 6. Nxe5 Nxe4 7. Qe2 Qd5 8. d3 Qxe5 9. Qxe4 Qxe4 10. dxe4 Be6 11. Be3 0-0-0 12. Nd2 Bd6 13. f4 Rhe8 14. e5 Bf5 15. Rfe1 Bc5 16. Nc4 Be7 17. Re2 Rd7 18. h3 Red8 19. g4 Rd1+ 20. Rxd1 Rxd1+ 21. Kh2 Be6 22. Rd2 Re1 23. Bf2 Re4 24. Ne3 Rxf4 25. Bg3 Re4 26. Nf5 Bxf5 27. gxf5 Bg5 28. Rf2 Be3 29. f6 g6 30. Rf3 Bd4 31. c3 Bxe5 32. Bxe5 Rxe5 33. Kg3 Kd7 34. Rd3+ Ke6 35. Rd8 Kxf6 0-1

[Event "Mollet del Valles op U2300 3rd"]
[Site "Mollet del Valles"]
[Date "2012.12.07"]
[Round "6"]
[White "Gallardo Bernal, Enric"]
[Black "Molano Lafuente, Ismael"]
[Result "1/2-1/2"]
[WhiteElo "2035"]
[BlackElo "2022"]
[PlyCount "58"]
[EventDate "2012.12.02"]
[EventType "swiss"]
[EventRounds "8"]
[EventCountry "ESP"]
[SourceTitle "EXT 2014"]
[Source "ChessBase"]
[SourceDate "2013.11.20"]
[SourceVersion "1"]
[SourceVersionDate "2013.11.20"]
[SourceQuality "1"]

1. e4 e6 2. d3 c5 3. Nf3 Nc6 4. g3 d5 5. Nbd2 Nf6 6. Bg2 dxe4 7. dxe4 e5 8. 0-0 Bg4 9. c3 Qc7 10. Qc2 Bxf3 11. Nxf3 0-0-0 12. Bg5 Be7 13. Nd2 h6 14. Bxf6 Bxf6 15. Nc4 h5 16. Rad1 h4 17. Rxd8+ Rxd8 18. Rd1 hxg3 19. Bh3+ Kb8 20. hxg3 Bg5 21. Rd5 Qe7 22. Qd3 Kc7 23. b3 b5 24. Ne3 Bxe3 25. Qxe3 Rxd5 26. exd5 Nd8 27. Qd3 Qd6 28. c4 b4 29. Qf5 Kb6 1/2-1/2

[Event "Mollet del Valles op U2300 3rd"]
[Site "Mollet del Valles"]
[Date "2012.12.03"]
[Round "2"]
[White "Morais Carreras, Javier"]
[Black "Gallardo Bernal, Enric"]
[Result "1-0"]
[WhiteElo "1985"]
[BlackElo "2035"]
[PlyCount "91"]
[EventDate "2012.12.02"]
[EventType "swiss"]
[EventRounds "8"]
[EventCountry "ESP"]
[SourceTitle "EXT 2014"]
[Source "ChessBase"]
[SourceDate "2013.11.20"]
[SourceVersion "1"]
[SourceVersionDate "2013.11.20"]
[SourceQuality "1"]

1. e4 c5 2. Nf3 d6 3. Bb5+ Bd7 4. Bxd7+ Qxd7 5. 0-0 Nc6 6. c3 g6 7. d4 cxd4 8. cxd4 Bg7 9. Nc3 Nf6 10. d5 Ne5 11. Nxe5 dxe5 12. Be3 0-0 13. Rc1 Rfd8 14. f3 Ne8 15. Qb3 Nd6 16. Rc2 Rdc8 17. Rfc1 Nc4 18. Nd1 Nxe3 19. Qxe3 h5 20. Rc4 Kh7 21. Qc3 Rxc4 22. Qxc4 Bh6 23. Rc2 Rd8 24. Qc7 Qa4 25. Qc4 Qa5 26. b4 Qb6+ 27. Qc5 Rd6 28. a4 Qa6 29. Nb2 Qb6 30. Qxb6 Rxb6 31. b5 a6 32. Nc4 Rf6 33. Nxe5 axb5 34. axb5 Rb6 35. Nxf7 Be3+ 36. Kf1 Rxb5 37. Ke2 Bg1 38. h3 Kg7 39. Nd8 Kf6 40. Ne6 g5 41. Kd3 Rb1 42. Rc8 b5 43. Rf8+ Ke5 44. Rf5+ Kd6 45. Rxg5 b4 46. Kc2 1-0